000 00610nam a2200229Ia 4500
003 OSt
005 20221007064210.0
006 a|||||r|||| 00| 0
007 ta
008 221006b |||||||| |||| 00| 0 eng d
024 _a27,221
037 _cTextual
040 _aFLL
_cFLL
_beng
041 _2eng
_aeng
100 _aHarper Robert Francis
_9685462
245 0 _aCode of hammurabii king of Babylon
250 _a2nd
260 _aChicago
_bThe University of Chicago Press Chicago
_c1904
300 _axv,1-192p
_ccm.
942 _cTEXL
_2CC
999 _c1133240
_d1133240